Tourism in India (Record no. 33113)

MARC details
000 -LEADER
fixed length control field 00271nam a2200109Ia 4500
082 ## - DEWEY DECIMAL CLASSIFICATION NUMBER
Classification number 796.5(540)
Item number BEN
100 ## - MAIN ENTRY--AUTHOR NAME
Personal name Bendre, V P
245 #0 - TITLE STATEMENT
Title Tourism in India
260 ## - PUBLICATION, DISTRIBUTION, ETC. (IMPRINT)
Place of publication Aurangabad
Name of publisher Primal Prakashan
Year of publication 1979
942 ## - ADDED ENTRY ELEMENTS (KOHA)
Koha item type Books
Holdings
Withdrawn status Lost status Damaged status Not for loan Home library Current library Date acquired Cost, normal purchase price Full call number Accession Number Koha item type
        RRII Library RRII Library 16/12/2021 50.00 796.5(540) BEN 13614 Books